000 00567nam a2200169 i 4500
001 76458
003 ES-MaACL
005 20230906172840.0
007 t|
008 041001s1943 sp ||||1| spa d
245 0 0 _aGuía de la Iglesia y de la Acción Católica Española.
260 _aMadrid :
_bSecretariado de Publicaciones de la Junta Técnica Nacional de la A.C.E.,
_c1943 (
_fErnesto Giménez)
300 _a1652 p. :
_bil. ;
_c25 cm.
500 _aRetrato de Pio XII.
610 2 4 _aAcción Católica Española.
_91243
852 _aES-MaACL
_jA-2792
_bR.20300
999 _c76458
_d76458